000 00289nam a22001337a 4500
082 _a910
_bMAL/A
100 _aMALAPARAMBU, JOSEPH
245 _aABORIJINEESUKALUDE NAADU
260 _aPEINTHALMANNA
_bSATHI BOOKS
_c2005
300 _a181
520 _aNOVEL
650 _aNOVEL
942 _cBK
999 _c5286
_d5286